Essentials of management: an international perspective (Record no. 4691)

000 -LEADER
fixed length control field 00484 a2200157 4500
020 ## - INTERNATIONAL STANDARD BOOK NUMBER
International Standard Book Number 0070583390
040 ## - CATALOGING SOURCE
Original cataloging agency DLC
Language of cataloging DLC
100 1# - MAIN ENTRY--PERSONAL NAME
Personal name Koontz, Harold,
245 10 - TITLE STATEMENT
Title Essentials of management: an international perspective
Remainder of title an international perspective
Statement of responsibility, etc. Harold Koontz and Heinz Weihrich.
250 ## - EDITION STATEMENT
Edition statement 6th ed.
260 ## - PUBLICATION, DISTRIBUTION, ETC.
Place of publication, distribution, etc. New Delhi :
Name of publisher, distributor, etc. McGraw-Hill,
Date of publication, distribution, etc. 2005.
300 ## - PHYSICAL DESCRIPTION
Extent 437 p. :
Other physical details ill. ;
Dimensions 24 cm.
650 #0 - SUBJECT ADDED ENTRY--TOPICAL TERM
Topical term or geographic name entry element Management.
700 1# - ADDED ENTRY--PERSONAL NAME
Personal name Weihrich, Heinz.
942 ## - ADDED ENTRY ELEMENTS (KOHA)
Koha item type Book
Call number prefix 658.419 KOO
Source of classification or shelving scheme
Holdings
Withdrawn status Lost status Damaged status Not for loan Collection code Permanent Location Current Location Shelving location Date acquired Source of acquisition Cost, normal purchase price Total Checkouts Full call number Barcode Date last seen Price effective from Koha item type Total Renewals Date last checked out
          Central Library (CL) Central Library (CL) General Stacks 09/10/2005 Saeed Book Bank 294.84   658.419 KOO SEECS006419 11/14/2012 01/05/2017 Book    
          Central Library (CL) Central Library (CL) General Stacks 09/10/2005 Saeed Book Bank 294.84   658.419 KOO SEECS006418 07/01/2024 01/05/2017 Book    
          Central Library (CL) Central Library (CL) General Stacks 09/10/2005 Saeed Book Bank 294.84   658.419 KOO SEECS006420 11/14/2012 01/05/2017 Book    
          Central Library (CL) Central Library (CL) General Stacks 03/10/2005 Pak Book Corporation 573.28 2 658.419 KOO SEECS005403 06/25/2024 01/05/2017 Book 1 10/04/2018
          Central Library (CL) Central Library (CL) General Stacks 09/10/2005 Saeed Book Bank 294.84   658.419 KOO SEECS006417 11/14/2012 01/05/2017 Book    
© 2023 Central Library, National University of Sciences and Technology. All Rights Reserved.